| 000 | 00387nam a22001337a 4500 | ||
|---|---|---|---|
| 008 | 230322b |||||||| |||| 00| 0 eng d | ||
| 020 | _a0140206612. | ||
| 050 | _aBF173.F86 J612 1954. | ||
| 100 |
_aJones,Ernest _952253 |
||
| 245 |
_aThe life and work of Sigmund Freud. _cErnest, Jones |
||
| 260 |
_aNew York: _bPenguin Books. _c1954. |
||
| 300 |
_a670p; _c20cm. |
||
| 942 |
_2lcc _cMONOGRAPH |
||
| 999 |
_c131699 _d131699 |
||